Memorial

Gorde:
Xehetasun bibliografikoak
Egile nagusia: Fabro, Pedro (Egilea)
Formatua: Liburua
Hizkuntza:gaztelania
Argitaratua: Bilbao Mensajero 2014
Edizioa:1a. ed
Gaiak:
Etiketak: Etiketa erantsi
Etiketarik gabe, Izan zaitez lehena erregistro honi etiketa jartzen!

MARC

LEADER 00000cam a2200000 a 4500
001 UCC3289
003 CL-VaPUC
008 180427e20140000sp |||||||||||||||||spa|d
020 |a 9788427136656 
082 0 4 |a 270.092  |b FAB  |2 21 
100 0 |a Fabro, Pedro  |e author  |9 507071 
245 1 0 |a Memorial 
250 |a 1a. ed 
300 |a 341 p 
942 |c BK 
945 |d 20180427 13:12:00  |a dcastane 
260 |a Bilbao  |b Mensajero  |c 2014 
650 0 |a Santos cristianos  |9 559316 
650 0 |a Biografías  |9 255210 
650 0 |a Vida y obra  |9 311871 
583 |a last modification  |c 20180427 13:12:00  |k Rodrigo Vera 
999 |c 371050  |d 371048 
952 |0 0  |1 0  |3 erb  |4 0  |6 270_092000000000000_FAB_2014  |7 0  |8 A  |9 487923  |a BIBTEO  |b BIBTEO  |i 5468515  |o 270.092 FAB 2014  |p 5468515  |r 2025-01-17  |w 2019-11-24  |y BK  |z Catalogado en:20180427  |k ICR